000 00660nam a22002057a 4500
003 JO-AjAnu
005 20251018115459.0
008 251018b jo ||||| |||| 00| 0 ara d
020 _a978-9953-36-655-1
022 _22628/10/2004
040 _aanu
_cJO-AjAnu
041 _hara
100 _aسماوي، جريس
_eمؤلف
_966853
245 _aزلة أُخرى للحكمة
_c / جريس سماوي
260 _aعمان :
_bوزارة الثقافة،
_c2021
300 _a174 صفحة
490 _aالقراءة للجميع 15 رقم الاصدار 816
650 _v الشعر العربي -- الأردن -- قرن 20
942 _2lcc
_cBK
_n0
999 _c34106
_d34106